Consulting into the future: the key skills (Record no. 103664)

MARC details
000 -LEADER
fixed length control field 00928cam a2200229 4500
008 - FIXED-LENGTH DATA ELEMENTS--GENERAL INFORMATION
fixed length control field 040721n2002 000 0 eng u
020 ## - INTERNATIONAL STANDARD BOOK NUMBER
International Standard Book Number 0340850515
035 ## - SYSTEM CONTROL NUMBER
System control number (Sirsi) u126861
041 ## - LANGUAGE CODE
Language code of text/sound track or separate title eng
050 ## - LIBRARY OF CONGRESS CALL NUMBER
Classification number 658.99
110 ## - MAIN ENTRY--CORPORATE NAME
Corporate name or jurisdiction name as entry element Management Consultancies Association
9 (RLIN) 516
245 ## - TITLE STATEMENT
Title Consulting into the future: the key skills
260 ## - PUBLICATION, DISTRIBUTION, ETC.
Place of publication, distribution, etc. Abingdon
Name of publisher, distributor, etc. Hodder & Stoughton
Date of publication, distribution, etc. 2002
300 ## - PHYSICAL DESCRIPTION
Extent xii,164p. ; 25cm.
350 ## - PRICE (NR) (BK AM CF MU VM SE) [OBSOLETE]
Price 16.99
520 ## - SUMMARY, ETC.
Summary, etc. This book offers a unique perspective on the consulting skills that the MCA believes every organisation will need in the future. Its authors are actively involved in inspirational work and they bring a wide range of perspectives on how they think a good consultant can literally change our world.
650 ## - SUBJECT ADDED ENTRY--TOPICAL TERM
Topical term or geographic name entry element CHANGE MANAGEMENT
650 ## - SUBJECT ADDED ENTRY--TOPICAL TERM
Topical term or geographic name entry element Management consultancy
9 (RLIN) 6255
690 ## - LOCAL SUBJECT ADDED ENTRY--TOPICAL TERM (OCLC, RLIN)
Topical term or geographic name as entry element MANAGEMENT-BUSINESS MANAGEMENT
700 ## - ADDED ENTRY--PERSONAL NAME
Personal name Lee, Karen
International Standard Serial Number Editor
942 ## - ADDED ENTRY ELEMENTS (KOHA)
Suppress in OPAC 0
Holdings
Withdrawn status Lost status Source of classification or shelving scheme Damaged status Not for loan Home library Current library Shelving location Date acquired Cost, normal purchase price Total Checkouts Full call number Barcode Date last seen Date last checked out Copy number Cost, replacement price Price effective from Koha item type
    Dewey Decimal Classification     London London Books 07/09/2004 11.89 3 658.99 LEE 30069503 06/08/2019 23/10/2008 1 11.89 06/08/2019 Book